000
00236nam a2200085Ia 4500
245
0
_a
I love Ohazurike
100
_a
BILA, Fred Vonani Durban, South Africa, 2002
_9
78192
942
_c
BK
008
210817s9999 xx 000 0 und d
999
_c
269748
_d
269747